Deutschland Quiz - Statistiken

Allgemein
  • Dieses Quiz wurde 108 mal gespielt
  • Das Durchschnittsergebnis liegt bei 8 aus 10
Antwortstatistiken
Frage Antwort % Korrekt
Wie viele Einwohner hat Deutschland? ca. 83 Mio.
100%
Wie heißt eine Stadt in NRW mit ca. 600.000 Einwohnern? Essen
100%
Welche Automarke kommt aus Deutschland? Porsche
100%
Was ist der höchste Berg in Deutschland? Zugspitze
100%
Wie viele Bundesländer hat Deutschland 16
99%
Wer war Deutschlands erster Bundeskanzler? Konrad Adenauer
97%
Welcher dieser bekannten Persönlichkeiten wurde in Deutschland geboren? Albert Einstein
95%
In welcher Stadt steht die Siegessäule? Berlin
91%
Was ist der längste Fluss Deutschlands Donau
25%
Was ist Deutschlands nördlichste Stadt oder nördlichstes Dorf? List
25%
Keine übereinstimmenden Quizze gefunden
Verteilung der Resultate
Anzahl Personen mit jedem Resultat
Perzentil nach korrekt beantworteten Fragen
Ihre Resultats-Entwicklung
Sie haben dieses Quiz noch nicht gespielt